000 00304nam a22001217a 4500
008 170911b xxu||||| |||| 00| 0 eng d
041 _aeng
080 _a53
100 _a43
101 _aFIZ
245 _aTHE ADSORPTION OF GASES AND VAPORS PHYSICAL ADSORPTION
_cBRUNAUER.S
942 _2udc
_cBK
999 _c27191
_d27191